000 02615nam a2200661 i 4500
001 5371
003 KOSZ 005
005 20200518123749.0
008 200518s1992 pl a f 001 0 pol
015 _aUWD 1993/4586
020 _a8320414598
035 _a991000949209705066
035 _a(PL-WaBN)b1029031x-48omnis_nlop
035 _ab1029031x
035 _a(OCoLC)749502483
035 _a(PL)b0000001029031
035 _a(EXLNZ-48OMNIS_NETWORK)9910217598605606
040 _aWA N
_cWA N
_dKOSZ 005/AR
041 1 _apol
_hrus
046 _k1992
080 _a663.1
080 _a577.1
080 _a579.6
080 _a60-7
080 _a602
080 _a(075.8)
100 1 _aViestur, Uldis Ernestovič
_eAutor
245 1 0 _aBiotechnologia :
_bsubstancje biologicznie czynne, technologia, aparatura /
_cU. E. Viesturs, I. A. Szmite, A. W. Żilewicz ; tłumaczenie [z rosyjskiego] Rita Pyć, Kazimierz Wojciech Pyć, Zofia Świetlińska.
246 1 _iTytuł oryginału:
_aBiotechnologija :
_bbiologičeskie agenty, technologija, apparatura,
260 _aWarszawa :
_bWydawnictwa Naukowo-Techniczne,
_c1992.
300 _a223, [1] strona :
_bilustracje ;
_c24 cm.
336 _aTekst
_btxt
_2rdacontent
337 _aBez urządzenia pośredniczącego
_bn
_2rdamedia
338 _aWolumin
_bnc
_2rdacarrier
380 _aKsiążki
380 _aPublikacje naukowe
380 _aPublikacje dydaktyczne
385 _mPoziom nauczania
_aSzkoły wyższe
388 _a1901-2000
388 _a1989-2000
504 _aBibliografia na stronach 191-220. Indeks.
521 _aKsiążka jest pomocniczym podręcznikiem dla studentów różnych kierunków specjalizujących się w biotechnologii oraz dla projektantów i pracowników naukowych trudniących się wdrażaniem procesów biotechnologicznych w przemyśle.
650 7 _aBiotechnologia
_2DBN
650 7 _aZwiązki biologicznie czynne
_2DBN
650 7 _aTechnologia
_2DBN
655 7 _aPodręczniki akademickie
_2DBN
658 _aBiologia
658 _aInżynieria i technika
700 1 _aŠmite, Ieva Aleksandrovna
_eAutor
700 1 _aŽilevič, Ajja Valentinovna
_eAutor
700 1 _aPyć, Kazimierz Wojciech
_eTłumaczenie
700 1 _aPyć, Rita
_eTłumaczenie
700 1 _aŚwietlińska, Zofia
_eTłumaczenie
710 2 _4pbl
_aWydawnictwa Naukowo-Techniczne
856 _uhttp://koha.tu.koszalin.pl/cgi-bin/koha/opac-detail.pl?biblionumber=5371
_yKatalog online BPK
942 _2UKD
_cKS
999 _c5371
_d5371